000 01932nam a22001817a 4500
005 20250821131435.0
008 240815b ||||| |||| 00| 0 eng d
082 _22023
_aUT
100 _aEstrera, Nelda.
_957778
245 _aEvaluating the income loss associated with the african swine fever outbreak in brgy. lower marber matanao davao del sur :
_ban assessment /
_cNelda Estrera, Miraflor V. Macion, and Charisse Joy D. Ruelan
260 _aDigos City :
_bUMDC,
_cOctober 2023.
300 _aviii, 120 pages :
_c30 cm.
520 _aThe outbreak of African Swine Fever (ASF) inflicted severe economic impacts on hog raisers, resulting in substantial livestock mortality, diminished income, and even the closure of farms. This study aimed to understand the economic impacts of the African Swine Fever (ASF) outbreak in Brgy. Lower Marber, Matanao, Davao del Sur, with a focus on income loss among hog raisers and multifaceted challenges faced by the affected hog raisers. An In-depth Interview (IDI) involving 10 participants was conducted to elicit responses regarding the impact of the African Swine Fever Outbreak on local hog raisers. Additionally, a phenomenology model was used to interview affected farmers and business owners to learn about their experiences and perceptions of the outbreak, how they have been handling the loss of income, and the crisis management techniques they have been employing. The analysis identified three themes, Direct Economic Losses among pig farmers, the Critical role of Prevention, Control, and Regulatory Compliance during the ASF crisis, and Compensation Schemes for farmers with ASF Losses, that specify a comprehensive understanding of the multifaceted challenges faced by hog raisers in Brgy. Lower Marber during ASF.
650 _aAccountancy.
_xUndergraduate Thesis.
_938663
700 _aMacion, Miraflor V.
_957779
700 _aRuelan, Charisse Joy D.
_957780
942 _2ddc
_cUT
999 _c20463
_d20463